Normal view
MARC view
Entry Personal Name
001 - CONTROL NUMBER
- control field: 856337
003 - CONTROL NUMBER IDENTIFIER
- control field:
005 - DATE AND TIME OF LATEST TRANSACTION
- control field: 20210627084110.0
008 - FIXED-LENGTH DATA ELEMENTS
- fixed length control field: 210627|| aca||aabn | a|a d
040 ## - CATALOGING SOURCE
- Original cataloging agency:
- Transcribing agency:
100 ## - HEADING--PERSONAL NAME
- Personal name: Nadler, Marcus,
- Titles and other words associated with a name: jt. aut
670 ## - SOURCE DATA FOUND
- Source citation: Work cat.: ()739331: Madden, John T. (John Thomas), 1882-1948 856336, The international money markets /, 1936
